| 000 | 01007nam a22002895a 4500 | ||
|---|---|---|---|
| 005 | 20150906120922.0 | ||
| 008 | 150906t2014 coua frdf 001 0 eng d | ||
| 020 | _a9781938910494 | ||
| 040 |
_aEG-ScBUE _beng _cEG-ScBUE |
||
| 082 | 0 | 4 |
_a657.30218 _bBRA _222 |
| 100 | 1 |
_aBragg, Steven M. _938406 |
|
| 245 | 1 | 0 |
_aIFRS guidebook / _cSteven M. Bragg. |
| 246 | 3 | 4 |
_aIFRS guidebook : _b2015 edition |
| 246 | 3 | 3 | _aA guide to the essential IFRS |
| 260 |
_aCentennial : _bAccountingTools, Inc., _c2015. |
||
| 300 |
_axiii, 375 p. : _bill. ; _c25 cm. |
||
| 490 | 0 | _aAccountingTools series | |
| 500 | _aIndex : p. 372-375. | ||
| 500 | _aGlossary : p. 362-371. | ||
| 630 | 0 | 7 |
_aInternational financial reporting standards. _2BUEsh _936756 |
| 650 | 0 |
_aFinancial statements _xStandards _vHandbooks, manuals, etc. _2BUEsh |
|
| 650 | 0 |
_aAccounting _xStandards _vHandbooks, manuals, etc. _2BUEsh |
|
| 651 | _2BUEsh | ||
| 653 |
_bBUSADM _cSeptember2015 |
||
| 655 |
_vreading book _934232 |
||
| 942 |
_2ddc _k657.30218 BRA |
||
| 999 |
_c20853 _d20825 |
||